The heroic client : (Record no. 365)

MARC details
000 -LEADER
fixed length control field 01336cam a22003734a 4500
005 - DATE AND TIME OF LATEST TRANSACTION
control field 20260322212017.0
008 - FIXED-LENGTH DATA ELEMENTS--GENERAL INFORMATION
fixed length control field data
010 ## - LIBRARY OF CONGRESS CONTROL NUMBER
LC control number 2003018314
020 ## - INTERNATIONAL STANDARD BOOK NUMBER
International Standard Book Number 9780787972400
020 ## - INTERNATIONAL STANDARD BOOK NUMBER
International Standard Book Number 0787972401
040 ## - CATALOGING SOURCE
Original cataloging agency DLC
Transcribing agency DLC
Modifying agency YDX
041 09 - LANGUAGE CODE
Language code of text/sound track or separate title eng
042 ## - AUTHENTICATION CODE
Authentication code nlmcopyc
-- nlmcopyc
044 ## - COUNTRY OF PUBLISHING/PRODUCING ENTITY CODE
-- United States
050 00 - LIBRARY OF CONGRESS CALL NUMBER
Classification number RC481
Item number .D86 2004
060 10 - NATIONAL LIBRARY OF MEDICINE CALL NUMBER
Classification number WM 420.5.N8
Item number D911ha 2004
082 00 - DEWEY DECIMAL CLASSIFICATION NUMBER
Classification number 616.89/14
Edition information 22
001 - CONTROL NUMBER
control field data
100 1# - MAIN ENTRY--PERSONAL NAME
Personal name Duncan, Barry L.
245 14 - TITLE STATEMENT
Title The heroic client :
Remainder of title a revolutionary way to improve effectiveness through client-directed, outcome-informed therapy /
Statement of responsibility, etc. Barry L. Duncan, Scott D. Miller & Jacqueline Sparks.
250 ## - EDITION STATEMENT
Edition statement Rev. ed.
260 ## - PUBLICATION, DISTRIBUTION, ETC.
Place of publication, distribution, etc. San Francisco :
Name of publisher, distributor, etc. Jossey-Bass,
Date of publication, distribution, etc. c2004.
300 ## - PHYSICAL DESCRIPTION
Extent xxi, 266 p. :
Other physical details ill. ;
Dimensions 23 cm.
336 ## - CONTENT TYPE
Content type term text
Content type code txt
Source rdacontent
337 ## - MEDIA TYPE
Media type term unmediated
Media type code n
Source rdamedia
338 ## - CARRIER TYPE
Carrier type term volume
Carrier type code nc
Source rdacarrier
500 ## - GENERAL NOTE
General note "Rev. paperback ed."--Cover.
504 ## - BIBLIOGRAPHY, ETC. NOTE
Bibliography, etc. note Includes bibliographical references (p. 229-248) and indexes.
650 12 - SUBJECT ADDED ENTRY--TOPICAL TERM
Topical term or geographic name entry element Person-Centered Psychotherapy
General subdivision methods
Authority record control number or standard number https://id.nlm.nih.gov/mesh/D009629Q000379
650 22 - SUBJECT ADDED ENTRY--TOPICAL TERM
Topical term or geographic name entry element Patient Participation
General subdivision methods
Authority record control number or standard number https://id.nlm.nih.gov/mesh/D010358Q000379
650 22 - SUBJECT ADDED ENTRY--TOPICAL TERM
Topical term or geographic name entry element Treatment Outcome
Authority record control number or standard number https://id.nlm.nih.gov/mesh/D016896
700 1# - ADDED ENTRY--PERSONAL NAME
Personal name Miller, Scott D.
700 1# - ADDED ENTRY--PERSONAL NAME
Personal name Sparks, Jacqueline.
Holdings
Withdrawn status Lost status Damaged status Not for loan Home library Current library Shelving location Date acquired Total checkouts Full call number Barcode Date last seen Price effective from Koha item type
        Riverside Riverside General stacks 22/03/2026   616.89/14 22 BC0010375 22/03/2026 22/03/2026 Books